Personnalités américaines - Mort subite - Statistiques

Statistiques générales
  • Ce quiz a été pris 822 fois
  • Le résultat moyen est 8 sur 20
Answers on the Grid
Answers color-coded by a green-red scale on the quiz's grid according to % correct below.
Tom Hanks
LeBron James
Donald Trump
Barack Obama
Sylvester Stallone
Taylor Swift
Mohamed Ali
Rosa Parks
Elvis Presley
Leonardo DiCaprio
Madonna
Michael Jackson
Eminem
Woody Allen
Arnold Schwarzenegger
Serena Williams
Buzz Aldrin
Zendaya
Jake Gyllenhaal
Tiger Woods
Tino Rossi
Nico Williams
M. Pokora
Philip Mountbatten
Antoine Dupont
Konrad Adenauer
Roberto Benigni
The Weeknd
Usain Bolt
Rihanna
Roger Moore
Isaac Newton
Paul McCartney
Sia
Maria Sharapova
Justin Bieber
 
Statistiques - réponses
Réponse % Correct
Barack Obama
52%
Donald Trump
50%
Taylor Swift
48%
Eminem
47%
Leonardo DiCaprio
46%
Michael Jackson
44%
LeBron James
43%
Elvis Presley
42%
Serena Williams
42%
Tom Hanks
40%
Zendaya
40%
Rosa Parks
39%
Sylvester Stallone
39%
Madonna
34%
Tiger Woods
34%
Mohamed Ali
29%
Arnold Schwarzenegger
27%
Buzz Aldrin
26%
Woody Allen
23%
Jake Gyllenhaal
20%
Aucun quiz correspondant
Distribution des résultats
% des personnes avec chaque résultat
Percentile par nombre de réponses
Votre historique - résultats
Vous n’avez pas pris ce quiz